000 00776nam a22002297a 4500
005 20170124110239.0
010 _aA-704166
020 _a8122406580
_c00.00
035 _aA-704166
037 _bCen Lib / Ret
040 _aDPL
_bEN
082 _a530.41
_bPIL
100 _aPillai, S.O.
_919895
245 _aProblems and solutions in solid state physics /
_cby S.O. Pillai
260 _aNew Delhi
_bWiley eastern
_c1994
270 _a4835/24, Ansari road, Dariyaganj
_bNew Delhi
_e110002
300 _a377p.
_c21cm (Hb)
500 _aIncludes bibliographical references
650 _aSolid state physics -- Problems, exercises, etc.
_994349
650 _aRelativity (Physics) -- Problems, exercises, etc.
_994350
942 _2ddc
_cEN
_h530.41
_mPIL
999 _c135092
_d135092